000 01144cab a2200229 4500
001 ##L133516
008 060516n 000 0 eng u
035 _a(Sirsi) u133516
041 0 _aeng
100 1 _aHunter, Caroline
245 0 0 _aStill counting
490 0 _aRoof
_vMay/June 2006, 25-27(3)
520 _aExamines the findings from the Department for Constitutional Affairs commissioned research "The exercise of judicial discretion in rent arrears cases". Focuses on when landlords initiate court proceedings, what the outcomes of the hearings are and how housing associations use Ground 8. The research indicates that cases are coming to court earlier, tenants' participation is rising, district judges are using adjournments more and housing associations are using Ground 8 increasingly.
590 _aIKA230506
650 2 4 _aHOUSING ACT 1988 SCHED 2 PART I GROUND 8
651 4 _aEngland and Wales
_y1543-
690 _aPROPERTY-RESIDENTIAL PROPERTY-RESIDENTIAL LANDLORD AND TENANT-RESIDENTIAL LEASES-BREACHING RESIDENTIAL LEASES
700 1 _aNixon, Judy
700 1 _aBlandy, Sarah
700 1 _aCowan, Dave
942 _n0
999 _c77053
_d77053